Lecciones y conversaciones sobre estética, psicología y creencia religiosa / Ludwig Wittgenstein ; traducción por Isidoro Reguera
में बचाया:
| मुख्य लेखक: | |
|---|---|
| स्वरूप: | पुस्तक |
| भाषा: | Undetermined |
| प्रकाशित: |
Barcelona, España
Paidós
1992
|
| विषय: | |
| टैग: |
टैग जोड़ें
कोई टैग नहीं, इस रिकॉर्ड को टैग करने वाले पहले व्यक्ति बनें!
|
MARC
| LEADER | 00000nam a2200000Ia 4500 | ||
|---|---|---|---|
| 008 | 170316s9999 xx 000 0 und d | ||
| 090 | |a 100 W-19Le | ||
| 100 | |a Wittgenstein, Ludwig | ||
| 245 | |a Lecciones y conversaciones sobre estética, psicología y creencia religiosa / Ludwig Wittgenstein ; traducción por Isidoro Reguera | ||
| 260 | |a Barcelona, España | ||
| 260 | |b Paidós | ||
| 260 | |c 1992 | ||
| 300 | |a 150 páginas | ||
| 650 | |a FILOSOFÍA | ||
| 650 | |a ESTÉTICA | ||
| 650 | |a PSICOLOGÍA | ||
| 650 | |a RELIGIÓN | ||
| 999 | |c 17913 |d 17913 | ||
| 040 | |a cru BVZT | ||
| 942 | |c 15 D |h 100 W-19Le |2 z | ||
